[Event "Montreal op U2000"]
[Site "Montreal"]
[Date "2016.09.10"]
[Round "3.26"]
[White "Richard, Leo"]
[Black "Messaoudene, Kamel"]
[Result "0-1"]
[WhiteElo "1481"]
[BlackElo "1775"]
[PlyCount "64"]
[EventDate "2016.09.09"]
[EventType "swiss"]
[EventRounds "5"]
[EventCountry "CAN"]
[SourceTitle "EXT 2022"]
[Source "ChessBase"]
[SourceDate "2021.10.06"]
[SourceVersion "1"]
[SourceVersionDate "2021.10.06"]
[SourceQuality "1"]

1. e4 c6 2. d4 d6 3. Nf3 Bg4 4. h3 Bh5 5. Nc3 Nd7 6. Bf4 Qb6 7. Na4 Qa5+ 8. c3 Bxf3 9. gxf3 b5 10. d5 bxa4 11. dxc6 Nb6 12. e5 dxe5 13. Be3 Qd5 14. Qxd5 Nxd5 15. Bb5 Nc7 16. Bxa4 Nf6 17. 0-0-0 g6 18. f4 Bh6 19. fxe5 Bxe3+ 20. fxe3 Nfd5 21. Rde1 Nb6 22. Bb3 e6 23. Rhf1 0-0 24. e4 Rac8 25. a4 a5 26. h4 Na6 27. Rf6 Nc5 28. Kc2 Nxb3 29. Kxb3 Rxc6 30. Rd1 Rc4 31. h5 Rxe4 32. hxg6 hxg6 0-1